000
00303nam a2200109Ia 4500
008
190919s9999||||xx |||||||||||||| ||und||
100
_a
Thierry Meyssan
245
0
_a
9/11 The Big Lie : Challenges the entire official version
260
_a
Karachi
_b
Tata McGraw Hill
_c
2005
300
_a
847
942
_c
BK
999
_c
11475
_d
11475